00656nam a2200193Ia 4500003000400000005001700004008004100021040000700062041000800069082001600077100005600093245009900149260001600248300000900264650002200273942001300295999001900308952013500327OSt20251103154326.0250729s2005 xx 000 0 und d cAL akan a370.71 OBAS aಓಬಲೇಶಘಟ್ಟಿ ಆರ್9223790 aಶಿಕ್ಷಕನ ಕಾರ್ಯಗಳು ಮತ್ತು ಶಾಲಾ ಸಂಘಟನೆ aGadagc2005 a296p aEducation9223791 2ddccBED c236083d236083 00104070aALbALd2025-07-29eSchool Book Companyg125.00l0o370.71 OBASpBED01402r2025-07-29 16:54:33v125.00w2025-07-29yBK